02870nam a22003257a 450000500170000000800410001702000310005802000210008902000210011002000210013102000210015202000210017302000210019402000210021502000210023602000210025702000220027805000240030024500630032425000110038726000500039830000270044850000500047550400290052550518650055465000230241970000340244270000340247670000340251020220823110135.0220823b mx ||||| |||| 00| 0 spa d a9687827130 (obra completa) a9687827149 (T.1) a9687827159 (T.2) a9687827165 (T.3) a9687827173 (T.4) a9687827181 (T.5) a968782719X (T.6) a9687827203 (T.7) a9687827211 (T.8) a9687827629 (T.9) a9687827637 (T.10)04aRC931.O73bA93 199800aAvances en osteoporosisc/ Antonio Fraga Mouret...[et al]. a1a ed. aMéxico :bCorporativo Intermédica,c1998. a10 v. :bil. ;c23 cm. aAvalado por la Academia Nacional de Medicina. aIncluye bibliografías.0 tT.1 Anatomía y ultraestructura del hueso. Regulación del remodelado óseo. Fisiología y bioquímica del metabolismo del calcio. r / Hugo Peña Ríos, Gerardo Guerrero Yeo.tT.2 Epidemiología de la osteoporosis. Factores de riesgo para la osteoporosis. Manifestaciones clínicas de la osteoporosis. Historia clínica y EF del paciente con enfermedades óseas metabólicas.r / Margarita Delezé Hinojosa, Oscar Antúnez Flores.tT.3 El diagnóstico de osteoporosis. Métodos de medición de masa ósea. Marcadores bioquímicos de remodelado óseo r/ Fidencio Cons Molina.tT.4 Prevención de osteoporosis. Nutrición y osteoporosis. Actividad física, ejercicio y regulación de la masa ósea r/ Eduardo Rubén Barreira Mercado, Javier Orozco Alcalá.tT.5 Patogénesis de la osteoporosis postmenopáusica. Tratamiento de reemplazo hormonal en la mujer postmenopáusica. r/ José Alberto Hernández Bueno.tT.6 Epidemiología de las fracturas osteoporóticas. Factores determinantes de las fracturas osteoporóticas. Fractura de cadera, vértebras y antebrazo distal. r/ Jorge Larruz Quintanilla.tT.7 Osteoporosis senil. Osteoporosis secundaria. Osteoporosis y enfermedades reumaticas. Osteoporosis secundaria a fármacos.r/ Jaime Elizondo Alanís, Jorge Fuentes de la MatatT.8 Causas varias de osteoporosis secundaria. Enfermedades gastrointestinales y hepatobiliares que producen alteraciones óseas metabólicas. Hipercalcemia.r/ Antonio Fraga Mouret, Francisco Medina Rodríguez, Fidencio Cons Molina.tT.9 Osteoporosis en hombres. Osteodistrofia renal. Nefrolitiasis.r/ Jorge Morales Torres.tT.10 Tratamiento de la osteoporosis. Fármacos antirresortivos. Fármacos osteoformadores. Visión general del tratamiento de la osteoporosis.r/ Jorge Morales Torres, José Gerardo González González. 72lembaOsteoporosis1 aFraga Mouret, Antonio,eautor1 aCons Molina, Fidencio,eautor1 aGuerrero Yeo, Gerardo,eautor